000 00885nas a2200241 4500
001 BR9211884
003 BR-BrBNA
005 20231205093537.0
007 ta
008 230509b bl.|||p| |||| 00| 00por d
040 _aBR-BrBNA
_bpor
_cBiblioteca Nacional de Agricultura
041 _a(Pt)
072 _aF63
100 1 _aMachado, G.M.E.
100 1 _aRetto Junior, A. da S.
245 1 _aEstudo preliminar sobre a biologia floral do cupuacuzeiro (Theobroma grandiflorum (Willd ex. Spreng)Schum)
246 1 _a[Preliminary study of "cupuacuzeiro" floral biology (Theobroma grandiflorum (Willd ex. Spreng)Schum)]
650 _aCUPUACU
650 _aFLORACAO
773 0 _tRevista da Universidade do Amazonas. Serie Ciencias Agrarias (Brazil)
_xISSN 0103-7463
_g(Jan-Jun 1991), v. 1(1) p. 11-14
_wBR9211884
909 _a202311
_bLúcia
_c55
_dLúcia Elande
942 _2AGRIS
_n0
_cANA
999 _c139081
_d139081